Statistics for Top 15 Celebrities Born In 1953

Click here to take the quiz!

General Stats

  • This quiz has been taken 107 times
  • The average score is 5 of 15

Answer Stats

Answer% Correct
Hulk Hogan
77%
Pierce Brosnan
73%
Xi Jinping
54%
Tim Allen
50%
Cyndi Lauper
45%
Michael Bolton
31%
Danny Elfman
26%
Rick Moranis
26%
Chaka Khan
24%
Mindy Sterling
19%
Bill Pullman
15%
Pat Benatar
12%
Amy Hill
7%
Tito Jackson
7%
Charlie Wilson
3%

Score Distribution

Percentile by Number Answered

Percent of People with Each Score

Your Score History

You have not taken this quiz